Регионална библиотека "Любен Каравелов" - Русе

Чудото на осъзнатия живот (Запис номер 196278)

MARC детайли
000 -Лидер
Контролно поле с фиксирана дължина 01490nam a2200361 c 4500
003 - Код на организацията, давaща контролен номер
Контролно поле BLK
005 - Дата и час на последна редакция
Контролно поле 20230323030313.0
008 - Елементи от данни с фиксирана дължина
fixed length control field 180411b bul|||||r ||||||| ||bul||
010 ## - Наследен системен номер
LC control number KNG00205546000
020 ## - Международен стандартен номер на книга ISBN
Международен стандартен номер на книга ISBN 978-954-474-727-5
-- издат.: Кибеа
040 ## - Източник на каталожния запис
Идентификатор на билиотеката - собственик на записа BLK
041 ## - Код за език
Код за езика на текст/звукозапис или на отделно заглавие Български
Код за езика КДБФ Български
072 #7 - Код за тематичната категория
Код организация bullib
Код за тематична категория Н10
Текст Философия Н
080 ## - УДК
Текстов определител УДК Особени духовни състояния и процеси. Медитация
УДК код - определител по УДК 159.96
УДК определител
УДК - код + определител 159.96
100 1# - Редна дума - Автор
Автор Тик Нят Хан
Авторска отговорност първи автор
R(LIN) 339905
139 ## - Редно поле
Редна дума Тик Нят Хан
Авторски знак Ти - Т 54
245 10 - Сведения за заглавието
Заглавие Чудото на осъзнатия живот
Подзаглавни данни Въведение в медиативната практика
Редно поле (дума) Тик Нят Хан; прев. от англ. Ирина Борисова Манушева.
257 ## - Страна на издаване
Страна на създаване/издаване Виетнам
260 ## - Област на издателските данни
-- София
Име на издателя, разпространителя и проч. Кибеа
Година на издаване 2016
Печатница София : Инвестпрес
300 ## - Физическа характеристика
Страници 168 с.
Илюстрации и др. с ил.
Размери/Мащаб 18 см
380 ## - Жанр
Жанр Философия
490 1# - СЕРИИ (Колекции)
Име на серия Серия Познай себе си
500 ## - Общи забележки
Забележка Прев. по: The miracle of mindfulness / Thich Nhat Hanh. - За автора: с. 2
650 #4 - Допълнително описание по предмет – тема
Основно описание – тема или топоним Медитация
9 (RLIN) 161599
653 ## - Ключова дума – ненормативна
Ключова дума медитация
659 ## - Тематичен бюлетин
Тематичен бюлетин Н
700 1# - Други автори (авторска отговорност)
Лично име Манушева, Ирина Борисова
9 (RLIN) 368041
852 ## - Местоположение
Форматна сигнатура Цб І 37175
856 4# - Електронен адрес и достъп
Електронен формат pdf - файл
Път до файла /url/
856 4# - Електронен адрес и достъп
Електронен формат pdf - файл
Път до файла /url/
942 ## - АРТИКУЛИ
Вид на библиотечния материал Книги
Скрит в OPAC Не
944 ## - СЪЗДАВАНЕ И РЕДАКЦИЯ на ЗАПИСА
Създаване/Редакция Създаване
Дата на регистрацията/редакция 26.04.2017
Служител, извършил регистрацията/редакцията Виолета_Тройчева
944 ## - СЪЗДАВАНЕ И РЕДАКЦИЯ на ЗАПИСА
Създаване/Редакция Редакция
Дата на регистрацията/редакция 28.04.2017
Служител, извършил регистрацията/редакцията Виолета_Тройчева
999 ## - СИСТЕМНИ КОНТРОЛНИ НОМЕРА
Koha biblionumber 196278
Koha biblioitemnumber 196278
Наличности
Код за отписване Код за изгубен артикул Код за повреда Коз за рестрикции Код за отдаване Артикулен № Име на библиотеката - собственик Име на библиотеката, в която се намира в момента Статус (Текущо местоположение) Дата на вписване в системата Местоположение - отдел Цена в лева Инвентарен номер Систематично азбучна сигнатура Баркод Номер на екземпляра Цена в евро Служебна бележка Служебен тип на артикула
  Не е изгубен Не е повреден без рестрикции ползва се в читалня 342339 Регионална библиотека "Любен Каравелов" Русе Регионална библиотека "Любен Каравелов" Русе Хранилище 2017-04-28 Хранилище 11.00 120000810320 Цб І 37175 120000810320 1 5.62 Дост: Dp Вид: Д N: 13 Дата: 09.03.2017 Книги
Vip Innovations Ltd, Rousse, Bulgaria 2025